| 000 | 04143nam a2200421 i 4500 | ||
|---|---|---|---|
| 003 | DO-SdBNP | ||
| 005 | 20240515155537.0 | ||
| 006 | a||||gr|||| 00| 0 | ||
| 007 | ta | ||
| 008 | 221103e2021 dr ah||gr|||| 001 e spa d | ||
| 020 | _a9789945931914 | ||
| 040 |
_aDO-SdBNP _bspa _cBNPHU _erda |
||
| 082 | 4 |
_222 _bA174r |
|
| 100 |
_973379 _aAcevedo, Anthony Stevens _eautor |
||
| 245 | 1 | 3 |
_aLa rebelión de esclavos de Santo Domingo de 1521 y las leyes sobre esclavos de 1522: _besclavitud negra y resistencia negra al comienzo de la América colonial. / _cAnthony Stevens-Acevedo; prólogo, Ramona Hernández |
| 264 |
_aSanto Domingo : _bUniversitaria Bonó, _c2021 |
||
| 300 |
_a146 páginas : _bilustraciones, facsímil ; _c22 cm. |
||
| 336 |
_2rdacontent _atexto _btxt |
||
| 337 |
_2rdamedia _asin mediación _bn |
||
| 338 |
_2rdacarrier _avolumen _bnc |
||
| 500 | _aIncluye datos biográficos del autor en la contracubierta. | ||
| 500 | _aIncluye bibliografía y notas al pié de páginas. | ||
| 504 | _aBibliografía: páginas 139 - 146 | ||
| 505 |
_aPrólogo. _gIntroducción. _tUna breve historia de esta monografía.-- _tHistoriografía y memoria de la primera rebelión antiesclavista de América: Un anacronismo que duró demasiado.-- _tEl posible lugar o escenario del comienzo de la rebelión de 1521. _tLa rebelión de 1521 y las leyes de 1522 sobre negros y esclavos en la Española: Un estudio.-- _tUn dilema de los colonizadores: los esclavos como herramienta y los esclavos como amenaza.-- _tCastigo más severo y vigilancia incrementada contra los negros, visto como la solución.-- _tNo todos los esclavos eran negros en La Española a comienzo de 1522.-- _tLa huidas de esclavos antes de 1522 y las leyes que intentaron impedirlas.-- _tLa rebelión de 1521 como acción colectiva planificada.-- _tUn dilema de los colonizadores: los esclavos como herramienta y los esclavos como amenaza.-- _tCastigos máas severos y vigilancia incrementada contra los negros, visto como la solución.-- _t¿Un permiso de diez días de escapada para los esclavos?.-- _tLa campaña contra los esclavos rebeldes de fines de diciembre de 1521 no acabó con las rebeliones.-- _tPosibles omisiones de los dueños al avisar sobre el cimarronaje de sus esclavos.-- _tEl acceso de negros y esclavos a armas antes de 1522.-- _tAutonomía de movimiento de los esclavos anterior a 1522.-- _tEl encadenamiento de esclavos parece haber sido resistido por algunos en la Española antes de 1522.-- _tDenuncia de conductas socialmente desviadas de negros y esclavos en Santo Domingo urbano.-- _tUn fondo común como seguro contra pérdida de esclavos por los dueños.-- _t¿Vigilantismo incipiente en 1522?.-- _tLos esclavos fugitivos a veces eran ayudados y escondidos por otras personas en la Española.-- _tPromoción de la formación de familias esclavas como herramienta para mantener el orden social esclavista.-- _tLa segregación y jerarquía sociales se fortalecieron con la promoción de la vigilancia de los esclavizados por los libres.-- _tImpacto de las leyes de 1522.-- _tConclusión.-- _tApéndices.-- _tTranscripciones. |
||
| 534 |
_aTítulo original en inglés: The Santo Domingo Slave Rebellion of 1521 and the Slave Laws of 1522: Black Slavery and Black Resistance in the Early Colonial Americas. (Source for a Quincentenial). _cPublicado por CUNY Dominican Studies Institute, The City College of New York, 2019. |
||
| 546 | _aTraducido del inglés al español. | ||
| 590 | _aInventariado 2024 / MF | ||
| 650 | 4 |
_917936 _aEsclavos _xHistoria _y1500 - 1599 _zRepública Dominicana |
|
| 650 | 4 |
_94128 _aInsurrección de Esclavos _ySiglo XVI _zSanto Domingo, República Dominicana |
|
| 650 | 4 |
_928343 _aEsclavitud _xHistoria _ySiglo XVI _zRepública Dominicana |
|
| 650 | 4 |
_951164 _aEsclavitud _xLey y Legislación _zRepública Dominicana |
|
| 651 | 4 |
_aRepública Dominicana _vEsclavo _xHistoria _y1500 - 1599 _982697 |
|
| 651 | 4 |
_aRepública Dominicana _vEsclavitud _xHistoria _ySiglo XVI _982698 |
|
| 700 | 1 |
_910103 _aHernández, Ramona _eprólogo |
|
| 710 | 2 |
_963871 _aDominican Studies Institute (CUNY) |
|
| 710 | 2 |
_a Fundación Juan Bosch _984953 |
|
| 942 |
_2ddc _cLBS1 |
||
| 999 |
_c52781 _d52781 |
||